Datum a čas kvízu
31.5
Celkem bodů
Celkový počet nahraných bodů na tomto kvízu bez doplňovacích otázek.
3.
Pořadí na kvízu
Konečné umístění týmu na tomto kvízu.
Zaznamenané odpovědi
| # | Otázka | Odpověď | Body | Výsledky |
|---|---|---|---|---|
| 1. | V Praze minulý týden skončila... | Negrelliho viadukt | 1 | |
| 2. | V sobotu začala nová epocha do... | Crew Dragon | 0 | |
| 3. | Minulý pátek začal mezinárodní... | Adéla ještě nevečeřela | 0 | |
| 4. | Který z našich mobilních operá... | Vodafone | 1 | |
| 5. | Magazín Forbes zveřejnil žebří... | Roger Federer | 1 | |
| 6. | Napište výraz čítající osm pís... | nanismus | 0 | |
| 7. | Na fotce vlevo je herec jménem... | dr. Zloun / dr. Evil | 0 | |
| 8. | Mezi hlavní postavy Pevnosti B... | Paklíč a Pačes | 0.5 | |
| 9. | Příběh o Sněhurce jistě nemusí... | Šmudla, Kejchal | 1 | |
| 10. | Nejznámější trpasličí planetou... | Charón | 0 |